Kobarkan semangat banteng! (Record no. 60651)

MARC details
000 -LEADER
fixed length control field 00742cam a22002051 4500
001 - CONTROL NUMBER
control field sa 64008040
003 - CONTROL NUMBER IDENTIFIER
control field DLC
005 - DATE AND TIME OF LATEST TRANSACTION
control field 20260227112051.0
008 - FIXED-LENGTH DATA ELEMENTS--GENERAL INFORMATION
fixed length control field 920804s1964 io c 000 0 ind
010 ## - LIBRARY OF CONGRESS CONTROL NUMBER
LC control number sa 64008040
025 ## - OVERSEAS ACQUISITION NUMBER
Overseas acquisition number PL480:Indo-766
035 ## - SYSTEM CONTROL NUMBER
System control number (OCoLC)26329258
040 ## - CATALOGING SOURCE
Original cataloging agency DLC
Transcribing agency CU
Modifying agency CU
-- DLC
042 ## - AUTHENTICATION CODE
Authentication code premarc
050 00 - LIBRARY OF CONGRESS CALL NUMBER
Classification number DS644
Item number .2 1964.A7
100 1# - MAIN ENTRY--PERSONAL NAME
Personal name Aidit, D. N.,
Dates associated with a name 1923-1965.
245 10 - TITLE STATEMENT
Title Kobarkan semangat banteng!
Remainder of title Madju terus, pantang mundur! Laporan politik kepada sidang pleno ke-II CCPKI jang diperluas dengan Komisi Verifikasi dan Komisi Kontrol Central di Djakarta tanggal 23-26 Desember 1963
Statement of responsibility, etc. [oleh] D.N. Aidit.
260 ## - PUBLICATION, DISTRIBUTION, ETC.
Place of publication, distribution, etc. Djakarta,
Name of publisher, distributor, etc. Jajasan Pembaruan,
Date of publication, distribution, etc. 1964.
300 ## - PHYSICAL DESCRIPTION
Extent 106 p.
Other physical details port.
Dimensions 21 cm.

No items available.

Powered by Koha